Normal view
MARC view
- Geoffrey Hunt
Entry Personal Name
001 - CONTROL NUMBER
- control field: 54122
003 - CONTROL NUMBER IDENTIFIER
- control field: NUST
005 - DATE AND TIME OF LATEST TRANSACTION
- control field: 20210421115909.0
008 - FIXED-LENGTH DATA ELEMENTS
- fixed length control field: 210421|| aca||aabn | a|a d
040 ## - CATALOGING SOURCE
- Original cataloging agency: NUST
- Transcribing agency: NUST
100 ## - HEADING--PERSONAL NAME
- Personal name: Geoffrey Hunt
670 ## - SOURCE DATA FOUND
- Source citation: Work cat.: (NUST): Geoffrey Hunt, Nanotechnology Risk,Ethics and Law, 2006
